000 01438cam a2200361 a 4500
001 EDZ0000062153
003 StDuBDS
005 20161031105118.0
006 m||||||||d||||||||
007 cr |||||||||||
008 120307s1997 cau fo| 001|0|eng|d
020 _a9781452243320 (ebook) :
_cNo price
040 _aStDuBDS
_beng
_cStDuBDS
_epn
049 _aAlfaisal Main Library
050 0 _aRC455.2.M38
_bM65 1997
082 0 4 _a651.504261
_223
100 1 _aMoline, Mary E.
245 1 0 _aDocumenting psychotherapy
_h[electronic resource] :
_bessentials for mental health practitioners /
_cMary E. Moline, George T. Williams, Kenneth M. Austin.
260 _aThousand Oaks, Calif. ;
_aLondon :
_bSAGE,
_cc1997.
300 _a1 online resource (x, 189 p.)
520 8 _aDocumenting Psychotherapy examines exactly what is involved in keeping adequate clinical records of individual, family, couple and group psychotherapy.
521 _aSpecialized.
588 _aDescription based on print version record.
504 _aIncludes bibliographical references and index.
650 0 _aPsychiatric records.
655 7 _aElectronic books.
_2local
700 1 _aWilliams, George Taylor.
700 1 _aAustin, Kenneth M.
710 2 _aSage eBooks
776 0 8 _iPrint version :
_z9780803946927
856 4 0 _uhttp://ezproxy.alfaisal.edu/login?url=http://sk.sagepub.com/books/documenting-psychotherapy
942 _2lcc
_cEBOOKS
999 _c479544
_d479544